000 00818nam a2200217Ii 4500
003 JO-AjNU
008 230605s9999||||xx |||||||||||||| ||und||
020 _a978-156564-453-3
040 _aJO-AjNU
_bara
_erda
_cJO-AjNU
041 _aara
050 1 4 _aPJ6696 2011
100 3 _aالقيام، عمر حسن,
_eauthor
_952403
245 0 0 _aأدبية النص القرآني: بحث في نظرية التفسير
250 _aط1
264 3 1 _aالولايات المتحدة الأمريكية: المعهد العالمي للفكر الإسلامي،2011
300 _a199ص
336 _atext
_btxt
_2rdacontent
337 _aunmediated
_bn
_2rdamedia
338 _avolume
_bnc
_2rdacarrier
650 4 _aنظرية التفسير - إعجاز القرآن - البلاغة - النقد الأدبي
_952404
999 _aA23211
_c26779
_d26779